[Event "Stay Safe Play From Home 165"]
[Site "T#646231Emanuel Laske"]
[Date "2020.05.21"]
[Round "5"]
[White "Sfantul321"]
[Black "Tunca"]
[Result "1-0"]
[WhiteElo "2062"]
[BlackElo "1612"]
[Annotator "NA"]
[PlyCount "47"]
[EventDate "2020.05.21"]
[EventType "swiss (blitz)"]

1. c4 {[%emt 0:00:13]} d6 {[%emt 0:00:01]} 2. Nc3 {[%emt 0:00:01]} e5 {[%emt 0:00:01]} 3. g3 {[%emt 0:00:01]} f5 {[%emt 0:00:01]} 4. Bg2 {[%emt 0:00:01]} Nf6 {[%emt 0:00:01]} 5. d3 {[%emt 0:00:01]} Be7 {[%emt 0:00:00]} 6. Bg5 {[%emt 0:00:01]} O-O {[%emt 0:00:01]} 7. e3 {[%emt 0:00:01]} c6 {[%emt 0:00:01]} 8. Nge2 {[%emt 0:00:01]} Qe8 {[%emt 0:00:01]} 9. Bxf6 {[%emt 0:00:01]} Bxf6 {[%emt 0:00:01]} 10. O-O {[%emt 0:00:00]} Qh5 {[%emt 0:00:02]} 11. f4 {[%emt 0:00:02]} Nd7 {[%emt 0:00:03]} 12. Rb1 {[%emt 0:00:01]} Nc5 {[%emt 0:00:03]} 13. b3 {[%emt 0:00:02]} a5 {[%emt 0:00:07]} 14. a3 {[%emt 0:00:02]} Bd7 {[%emt 0:00:07]} 15. b4 {[%emt 0:00:01]} axb4 {[%emt 0:00:02]} 16. axb4 {[%emt 0:00:01]} Na4 {[%emt 0:00:05]} 17. Nxa4 {[%emt 0:00:02]} g5 {[%emt 0:00:15]} 18. Nb6 {[%emt 0:00:02]} Rad8 {[%emt 0:00:02]} 19. Nxd7 {[%emt 0:00:02]} Rxd7 {[%emt 0:00:00]} 20. b5 {[%emt 0:00:03]} d5 {[%emt 0:00:05]} 21. bxc6 {[%emt 0:00:02]} bxc6 {[%emt 0:00:00]} 22. cxd5 {[%emt 0:00:01]} cxd5 {[%emt 0:00:00]} 23. Nc3 {[%emt 0:00:01]} e4 {[%emt 0:00:05]} 24. Qxh5 {[%emt 0:00:02] Tunca resigns (Lag: Av=0.27s, max=0.5s)} 1-0

[Event "Stay Safe Play From Home 165"]
[Site "T#646231Emanuel Laske"]
[Date "2020.05.21"]
[Round "5"]
[White "Alin1001"]
[Black "Gavi"]
[Result "1-0"]
[WhiteElo "2014"]
[BlackElo "2062"]
[Annotator "NA"]
[PlyCount "71"]
[EventDate "2020.05.21"]
[EventType "swiss (blitz)"]

1. e4 {[%emt 0:00:02]} c5 {[%emt 0:00:02]} 2. Nf3 {[%emt 0:00:02]} d6 {[%emt 0:00:02]} 3. c4 {[%emt 0:00:01]} b6 {[%emt 0:00:05]} 4. d4 {[%emt 0:00:01]} cxd4 {[%emt 0:00:00]} 5. Nxd4 {[%emt 0:00:01]} Bb7 {[%emt 0:00:00]} 6. Nc3 {[%emt 0:00:02]} e6 {[%emt 0:00:01]} 7. Be2 {[%emt 0:00:02]} a6 {[%emt 0:00:01]} 8. O-O {[%emt 0:00:02]} Nd7 {[%emt 0:00:01]} 9. f4 {[%emt 0:00:02]} Ngf6 {[%emt 0:00:03]} 10. Bf3 {[%emt 0:00:01]} Rc8 {[%emt 0:00:03]} 11. Qe2 {[%emt 0:00:03]} Qc7 {[%emt 0:00:01]} 12. b3 {[%emt 0:00:03]} b5 {[%emt 0:00:03]} 13. Bb2 {[%emt 0:00:11]} bxc4 {[%emt 0:00:01]} 14. bxc4 {[%emt 0:00:09]} Qxc4 {[%emt 0:00:02]} 15. Qxc4 {[%emt 0:00:01]} Rxc4 {[%emt 0:00:00]} 16. Rad1 {[%emt 0:00:01]} Be7 {[%emt 0:00:02]} 17. Rd2 {[%emt 0:00:08]} Ba8 {[%emt 0:00:08]} 18. e5 {[%emt 0:00:05]} Bxf3 {[%emt 0:00:03]} 19. exf6 {[%emt 0:00:02]} Bxf6 {[%emt 0:00:02]} 20. Nxf3 {[%emt 0:00:04]} Bxc3 {[%emt 0:00:05]} 21. Bxc3 {[%emt 0:00:04]} Rxc3 {[%emt 0:00:01]} 22. Rxd6 {[%emt 0:00:01]} Nb8 {[%emt 0:00:04]} 23. Rb1 {[%emt 0:00:02]} O-O {[%emt 0:00:02]} 24. Rdb6 {[%emt 0:00:05]} Nd7 {[%emt 0:00:24]} 25. Rxa6 {[%emt 0:00:02]} g6 {[%emt 0:00:03]} 26. Ra7 {[%emt 0:00:03]} Nc5 {[%emt 0:00:02]} 27. Ne5 {[%emt 0:00:06]} Rc2 {[%emt 0:00:11]} 28. a4 {[%emt 0:00:06]} Ra2 {[%emt 0:00:09]} 29. a5 {[%emt 0:00:01]} Ra4 {[%emt 0:00:04]} 30. g3 {[%emt 0:00:03]} h6 {[%emt 0:00:06]} 31. Rb5 {[%emt 0:00:07]} Ne4 {[%emt 0:00:07]} 32. Rbb7 {[%emt 0:00:02]} g5 {[%emt 0:00:09]} 33. Nxf7 {[%emt 0:00:06]} Rxf7 {[%emt 0:00:04]} 34. Rxf7 {[%emt 0:00:01]} gxf4 {[%emt 0:00:00]} 35. Rfb7 {[%emt 0:00:03]} fxg3 {[%emt 0:00:02]} 36. Rb8# {[%emt 0:00:02] (Lag: Av=0.54s, max=1.1s)} 1-0

[Event "Stay Safe Play From Home 165"]
[Site "T#646231Emanuel Laske"]
[Date "2020.05.21"]
[Round "5"]
[White "Matanant"]
[Black "Grizzzly"]
[Result "0-1"]
[WhiteElo "1790"]
[BlackElo "1653"]
[Annotator "NA"]
[PlyCount "46"]
[EventDate "2020.05.21"]
[EventType "swiss (blitz)"]

1. e4 {[%emt 0:00:23]} e6 {[%emt 0:00:09]} 2. d4 {[%emt 0:00:08]} d5 {[%emt 0:00:03]} 3. Nd2 {[%emt 0:00:03]} dxe4 {[%emt 0:00:01]} 4. Nxe4 {[%emt 0:00:03]} Nd7 {[%emt 0:00:00]} 5. Nf3 {[%emt 0:00:05]} Ngf6 {[%emt 0:00:01]} 6. Ng3 {[%emt 0:00:08]} Be7 {[%emt 0:00:01]} 7. Bd3 {[%emt 0:00:02]} O-O {[%emt 0:00:02]} 8. O-O {[%emt 0:00:01]} b6 {[%emt 0:00:01]} 9. c3 {[%emt 0:00:04]} Bb7 {[%emt 0:00:01]} 10. Bc2 {[%emt 0:00:03]} c5 {[%emt 0:00:04]} 11. Be3 {[%emt 0:00:02]} Rc8 {[%emt 0:00:04]} 12. Re1 {[%emt 0:00:03]} Qc7 {[%emt 0:00:16]} 13. a4 {[%emt 0:00:03]} Rfd8 {[%emt 0:00:01]} 14. a5 {[%emt 0:00:03]} b5 {[%emt 0:00:05]} 15. a6 {[%emt 0:00:03]} Ba8 {[%emt 0:00:02]} 16. Qb1 {[%emt 0:00:06]} Bxf3 {[%emt 0:00:06]} 17. gxf3 {[%emt 0:00:02]} cxd4 {[%emt 0:00:00]} 18. Bxd4 {[%emt 0:00:03]} Bc5 {[%emt 0:00:06]} 19. Bxf6 {[%emt 0:00:10]} Nxf6 {[%emt 0:00:01]} 20. Ne4 {[%emt 0:00:01]} Nxe4 {[%emt 0:00:22]} 21. fxe4 {[%emt 0:00:05]} Rd2 {[%emt 0:00:05]} 22. Rf1 {[%emt 0:00:15]} Qf4 {[%emt 0:00:02]} 23. Qe1 {[%emt 0:00:43]} Bd6 {[%emt 0:00:02] (Lag: Av=0.58s, max=0.9s) Matanant resigns} 0-1

[Event "Stay Safe Play From Home 165"]
[Site "T#646231Emanuel Laske"]
[Date "2020.05.21"]
[Round "5"]
[White "Timbre"]
[Black "Don59as"]
[Result "1-0"]
[WhiteElo "1557"]
[BlackElo "1988"]
[Annotator "NA"]
[PlyCount "43"]
[EventDate "2020.05.21"]
[EventType "swiss (blitz)"]

1. d4 {[%emt 0:00:03]} d5 {[%emt 0:00:04]} 2. Nf3 {[%emt 0:00:01]} Nf6 {[%emt 0:00:10]} 3. Bf4 {[%emt 0:00:03]} e6 {[%emt 0:00:01]} 4. e3 {[%emt 0:00:01]} Be7 {[%emt 0:00:01]} 5. c3 {[%emt 0:00:02]} O-O {[%emt 0:00:02]} 6. Bd3 {[%emt 0:00:02]} Nbd7 {[%emt 0:00:03]} 7. Qe2 {[%emt 0:00:01]} c5 {[%emt 0:00:01]} 8. Nbd2 {[%emt 0:00:03]} b6 {[%emt 0:00:01]} 9. e4 {[%emt 0:00:02]} Bb7 {[%emt 0:00:00]} 10. e5 {[%emt 0:00:02]} Ne8 {[%emt 0:00:01]} 11. O-O {[%emt 0:00:03]} g6 {[%emt 0:00:01]} 12. Bh6 {[%emt 0:00:07]} Ng7 {[%emt 0:00:01]} 13. Bxg7 {[%emt 0:00:02]} Kxg7 {[%emt 0:00:01]} 14. dxc5 {[%emt 0:00:05]} bxc5 {[%emt 0:00:02]} 15. Bc2 {[%emt 0:00:03]} h6 {[%emt 0:00:01]} 16. Rab1 {[%emt 0:00:03]} Bg5 {[%emt 0:00:01]} 17. h3 {[%emt 0:00:04]} Bxd2 {[%emt 0:00:02]} 18. Qxd2 {[%emt 0:00:03]} Qc7 {[%emt 0:00:02]} 19. Rfe1 {[%emt 0:00:03]} Rad8 {[%emt 0:00:05]} 20. Qf4 {[%emt 0:00:13]} f6 {[%emt 0:00:02]} 21. exf6+ {[%emt 0:00:04]} Rxf6 {[%emt 0:00:03]} 22. Qxc7 {[%emt 0:00:02] Don59as resigns (Lag: Av=0.39s, max=0.5s)} 1-0

[Event "Stay Safe Play From Home 165"]
[Site "T#646231Emanuel Laske"]
[Date "2020.05.21"]
[Round "5"]
[White "Justwatch"]
[Black "Lucknow"]
[Result "0-1"]
[WhiteElo "1488"]
[BlackElo "1726"]
[Annotator "NA"]
[PlyCount "44"]
[EventDate "2020.05.21"]
[EventType "swiss (blitz)"]

1. e3 {[%emt 0:00:02]} d5 {[%emt 0:00:02]} 2. d4 {[%emt 0:00:00]} e6 {[%emt 0:00:02]} 3. Nd2 {[%emt 0:00:00]} c5 {[%emt 0:00:01]} 4. Ngf3 {[%emt 0:00:01]} Nf6 {[%emt 0:00:01]} 5. Bb5+ {[%emt 0:00:01]} Bd7 {[%emt 0:00:01]} 6. Bxd7+ {[%emt 0:00:01]} Qxd7 {[%emt 0:00:00]} 7. dxc5 {[%emt 0:00:02]} Bxc5 {[%emt 0:00:02]} 8. Nb3 {[%emt 0:00:00]} Bd6 {[%emt 0:00:03]} 9. Bd2 {[%emt 0:00:04]} Nc6 {[%emt 0:00:01]} 10. O-O {[%emt 0:00:07]} O-O {[%emt 0:00:01]} 11. Nfd4 {[%emt 0:00:02]} Rac8 {[%emt 0:00:12]} 12. Nxc6 {[%emt 0:00:05]} Qxc6 {[%emt 0:00:02]} 13. Nd4 {[%emt 0:00:00]} Qd7 {[%emt 0:00:15]} 14. Bc3 {[%emt 0:00:03]} e5 {[%emt 0:00:07]} 15. Nf3 {[%emt 0:00:02]} Rfe8 {[%emt 0:00:01]} 16. h3 {[%emt 0:00:03]} b5 {[%emt 0:00:04]} 17. Qe2 {[%emt 0:02:08]} b4 {[%emt 0:00:12]} 18. Bd2 {[%emt 0:00:02]} Rxc2 {[%emt 0:00:03]} 19. Qe1 {[%emt 0:00:03]} a5 {[%emt 0:00:05]} 20. b3 {[%emt 0:00:01]} Ne4 {[%emt 0:00:06]} 21. Bc1 {[%emt 0:00:04]} Rec8 {[%emt 0:00:06]} 22. h4 {[%emt 0:00:06]} Nc3 {[%emt 0:00:09] Zaman (Lag: Av=0.39s, max=0.5s)} 0-1

[Event "Stay Safe Play From Home 165"]
[Site "T#646231Emanuel Laske"]
[Date "2020.05.21"]
[Round "5"]
[White "W Nelles"]
[Black "Haris kollari 13"]
[Result "0-1"]
[WhiteElo "1244"]
[BlackElo "1977"]
[Annotator "NA"]
[PlyCount "80"]
[EventDate "2020.05.21"]
[EventType "swiss (blitz)"]

1. e4 {[%emt 0:00:03]} e6 {[%emt 0:00:01]} 2. Nf3 {[%emt 0:00:02]} d5 {[%emt 0:00:01]} 3. e5 {[%emt 0:00:02]} c5 {[%emt 0:00:01]} 4. Be2 {[%emt 0:00:02]} Nc6 {[%emt 0:00:01]} 5. O-O {[%emt 0:00:01]} Qc7 {[%emt 0:00:01]} 6. c3 {[%emt 0:00:02]} Nxe5 {[%emt 0:00:02]} 7. Nxe5 {[%emt 0:00:01]} Qxe5 {[%emt 0:00:02]} 8. Re1 {[%emt 0:00:01]} Qc7 {[%emt 0:00:04]} 9. d4 {[%emt 0:00:05]} Nf6 {[%emt 0:00:04]} 10. g3 {[%emt 0:00:03]} b6 {[%emt 0:00:04]} 11. Bf4 {[%emt 0:00:04]} Bd6 {[%emt 0:00:04]} 12. Bxd6 {[%emt 0:00:02]} Qxd6 {[%emt 0:00:01]} 13. dxc5 {[%emt 0:00:01]} bxc5 {[%emt 0:00:01]} 14. Bb5+ {[%emt 0:00:06]} Bd7 {[%emt 0:00:01]} 15. a4 {[%emt 0:00:03]} O-O {[%emt 0:00:02]} 16. c4 {[%emt 0:00:07]} Bc8 {[%emt 0:00:09]} 17. cxd5 {[%emt 0:00:06]} exd5 {[%emt 0:00:01]} 18. Nc3 {[%emt 0:00:03]} Rd8 {[%emt 0:00:07]} 19. Ne2 {[%emt 0:00:13]} Bg4 {[%emt 0:00:05]} 20. Kg2 {[%emt 0:00:07]} c4 {[%emt 0:00:04]} 21. h3 {[%emt 0:00:06]} Bxe2 {[%emt 0:00:04]} 22. Rxe2 {[%emt 0:00:04]} a6 {[%emt 0:00:01]} 23. Bxc4 {[%emt 0:00:05]} dxc4 {[%emt 0:00:02]} 24. Qxd6 {[%emt 0:00:01]} Rxd6 {[%emt 0:00:01]} 25. Rc1 {[%emt 0:00:01]} Rc8 {[%emt 0:00:03]} 26. b3 {[%emt 0:00:04]} c3 {[%emt 0:00:02]} 27. Rec2 {[%emt 0:00:02]} Rdc6 {[%emt 0:00:02]} 28. b4 {[%emt 0:00:02]} g6 {[%emt 0:00:07]} 29. b5 {[%emt 0:00:03]} axb5 {[%emt 0:00:02]} 30. axb5 {[%emt 0:00:02]} Rc5 {[%emt 0:00:01]} 31. b6 {[%emt 0:00:01]} Nd7 {[%emt 0:00:01]} 32. b7 {[%emt 0:00:02]} Rb8 {[%emt 0:00:03]} 33. Re1 {[%emt 0:00:05]} Rxb7 {[%emt 0:00:02]} 34. Re7 {[%emt 0:00:02]} Rbc7 {[%emt 0:00:02]} 35. Re8+ {[%emt 0:00:01]} Kg7 {[%emt 0:00:01]} 36. h4 {[%emt 0:00:02]} Nf6 {[%emt 0:00:01]} 37. Re3 {[%emt 0:00:04]} Nd5 {[%emt 0:00:01]} 38. Rd3 {[%emt 0:00:04]} Nb4 {[%emt 0:00:01]} 39. Rdxc3 {[%emt 0:00:05]} Rxc3 {[%emt 0:00:02]} 40. Rxc3 {[%emt 0:00:01]} Rxc3 {[%emt 0:00:01] W Nelles gibt auf (Lag: Av=0.59s, max=1.2s)} 0-1

[Event "Stay Safe Play From Home 165"]
[Site "T#646231Emanuel Laske"]
[Date "2020.05.21"]
[Round "6"]
[White "Gavi"]
[Black "Sfantul321"]
[Result "1-0"]
[WhiteElo "2043"]
[BlackElo "2064"]
[Annotator "NA"]
[PlyCount "101"]
[EventDate "2020.05.21"]
[EventType "swiss (blitz)"]

1. Nf3 {[%emt 0:00:04]} c5 {[%emt 0:00:01]} 2. e4 {[%emt 0:00:05]} Nc6 {[%emt 0:00:01]} 3. d4 {[%emt 0:00:01]} cxd4 {[%emt 0:00:01]} 4. Nxd4 {[%emt 0:00:00]} Nf6 {[%emt 0:00:01]} 5. Nc3 {[%emt 0:00:01]} d5 {[%emt 0:00:02]} 6. exd5 {[%emt 0:00:05]} Nxd5 {[%emt 0:00:02]} 7. Nxc6 {[%emt 0:00:04]} bxc6 {[%emt 0:00:01]} 8. Ne4 {[%emt 0:00:02]} e5 {[%emt 0:00:02]} 9. c4 {[%emt 0:00:02]} Nb6 {[%emt 0:00:07]} 10. Qxd8+ {[%emt 0:00:02]} Kxd8 {[%emt 0:00:01]} 11. Be2 {[%emt 0:00:02]} Bb4+ {[%emt 0:00:02]} 12. Bd2 {[%emt 0:00:01]} Bxd2+ {[%emt 0:00:02]} 13. Kxd2 {[%emt 0:00:01]} Bf5 {[%emt 0:00:03]} 14. Nd6 {[%emt 0:00:05]} Be6 {[%emt 0:00:01]} 15. Kc3 {[%emt 0:00:02]} Ke7 {[%emt 0:00:02]} 16. Rhd1 {[%emt 0:00:04]} Rad8 {[%emt 0:00:03]} 17. Ne4 {[%emt 0:00:02]} f5 {[%emt 0:00:02]} 18. Nc5 {[%emt 0:00:02]} Bf7 {[%emt 0:00:03]} 19. b3 {[%emt 0:00:02]} e4 {[%emt 0:00:02]} 20. f3 {[%emt 0:00:02]} exf3 {[%emt 0:00:02]} 21. Bxf3 {[%emt 0:00:00]} Rc8 {[%emt 0:00:02]} 22. a4 {[%emt 0:00:03]} a5 {[%emt 0:00:01]} 23. Rd4 {[%emt 0:00:04]} Rhd8 {[%emt 0:00:02]} 24. Re1+ {[%emt 0:00:02]} Kf6 {[%emt 0:00:03]} 25. Rxd8 {[%emt 0:00:02]} Rxd8 {[%emt 0:00:01]} 26. Nb7 {[%emt 0:00:09]} Rc8 {[%emt 0:00:04]} 27. Nxa5 {[%emt 0:00:01]} c5 {[%emt 0:00:02]} 28. Nb7 {[%emt 0:00:02]} g5 {[%emt 0:00:05]} 29. a5 {[%emt 0:00:02]} g4 {[%emt 0:00:01]} 30. axb6 {[%emt 0:00:18]} gxf3 {[%emt 0:00:03]} 31. Nd6 {[%emt 0:00:04]} Rb8 {[%emt 0:00:02]} 32. Nxf7 {[%emt 0:00:02]} Kxf7 {[%emt 0:00:02]} 33. gxf3 {[%emt 0:00:01]} Rxb6 {[%emt 0:00:01]} 34. Re5 {[%emt 0:00:01]} Rh6 {[%emt 0:00:03]} 35. Rxf5+ {[%emt 0:00:02]} Ke6 {[%emt 0:00:01]} 36. Rxc5 {[%emt 0:00:01]} Rxh2 {[%emt 0:00:00]} 37. b4 {[%emt 0:00:02]} Rf2 {[%emt 0:00:02]} 38. Rc6+ {[%emt 0:00:01]} Kf7 {[%emt 0:00:06]} 39. Rc7+ {[%emt 0:00:02]} Kg6 {[%emt 0:00:01]} 40. b5 {[%emt 0:00:01]} Rxf3+ {[%emt 0:00:01]} 41. Kb4 {[%emt 0:00:01]} h5 {[%emt 0:00:00]} 42. b6 {[%emt 0:00:01]} Rf1 {[%emt 0:00:01]} 43. b7 {[%emt 0:00:02]} h4 {[%emt 0:00:02]} 44. Rc6+ {[%emt 0:00:02]} Kg5 {[%emt 0:00:01]} 45. Kc5 {[%emt 0:00:00]} Rf5+ {[%emt 0:00:07]} 46. Kb6 {[%emt 0:00:01]} Rf1 {[%emt 0:00:02]} 47. Rc5+ {[%emt 0:00:02]} Kg4 {[%emt 0:00:03]} 48. b8=Q {[%emt 0:00:01]} Rb1+ {[%emt 0:00:02]} 49. Rb5 {[%emt 0:00:01]} Rxb5+ {[%emt 0:00:02]} 50. cxb5 {[%emt 0:00:00]} h3 {[%emt 0:00:00]} 51. Qh2 {[%emt 0:00:02] Sfantul321 resigns (Lag: Av=0.36s, max=0.8s)} 1-0

[Event "Stay Safe Play From Home 165"]
[Site "T#646231Emanuel Laske"]
[Date "2020.05.21"]
[Round "6"]
[White "Alin1001"]
[Black "shahildey"]
[Result "1/2-1/2"]
[WhiteElo "2034"]
[BlackElo "2124"]
[Annotator "NA"]
[PlyCount "149"]
[EventDate "2020.05.21"]
[EventType "swiss (blitz)"]

1. e4 {[%emt 0:00:02]} c5 {[%emt 0:00:01]} 2. Nf3 {[%emt 0:00:02]} e6 {[%emt 0:00:01]} 3. c4 {[%emt 0:00:01]} a6 {[%emt 0:00:01]} 4. Nc3 {[%emt 0:00:02]} d6 {[%emt 0:00:01]} 5. Be2 {[%emt 0:00:01]} Nc6 {[%emt 0:00:01]} 6. d4 {[%emt 0:00:01]} cxd4 {[%emt 0:00:01]} 7. Nxd4 {[%emt 0:00:01]} Nf6 {[%emt 0:00:01]} 8. Be3 {[%emt 0:00:01]} Be7 {[%emt 0:00:04]} 9. O-O {[%emt 0:00:01]} O-O {[%emt 0:00:01]} 10. f4 {[%emt 0:00:01]} Qc7 {[%emt 0:00:01]} 11. Rc1 {[%emt 0:00:02]} Bd7 {[%emt 0:00:01]} 12. Bf3 {[%emt 0:00:01]} Rfe8 {[%emt 0:00:09]} 13. Nd5 {[%emt 0:00:03]} exd5 {[%emt 0:00:25]} 14. cxd5 {[%emt 0:00:01]} Bf8 {[%emt 0:00:04]} 15. dxc6 {[%emt 0:00:03]} bxc6 {[%emt 0:00:00]} 16. Qc2 {[%emt 0:00:08]} Rac8 {[%emt 0:00:05]} 17. Rfd1 {[%emt 0:00:10]} c5 {[%emt 0:00:08]} 18. Ne2 {[%emt 0:00:08]} Bc6 {[%emt 0:00:04]} 19. Ng3 {[%emt 0:00:05]} Qb7 {[%emt 0:00:02]} 20. Qb3 {[%emt 0:00:25]} Qxb3 {[%emt 0:00:04]} 21. axb3 {[%emt 0:00:01]} Nxe4 {[%emt 0:00:00]} 22. Nxe4 {[%emt 0:00:02]} Bxe4 {[%emt 0:00:01]} 23. Bxe4 {[%emt 0:00:03]} Rxe4 {[%emt 0:00:00]} 24. Kf2 {[%emt 0:00:01]} Rb8 {[%emt 0:00:03]} 25. Rc3 {[%emt 0:00:04]} Reb4 {[%emt 0:00:02]} 26. Ra1 {[%emt 0:00:04]} Rxb3 {[%emt 0:00:02]} 27. Rxb3 {[%emt 0:00:03]} Rxb3 {[%emt 0:00:00]} 28. Rxa6 {[%emt 0:00:01]} Rxb2+ {[%emt 0:00:01]} 29. Kf3 {[%emt 0:00:01]} Rb3 {[%emt 0:00:02]} 30. Ra8 {[%emt 0:00:03]} d5 {[%emt 0:00:09]} 31. Ke2 {[%emt 0:00:01]} d4 {[%emt 0:00:01]} 32. Bd2 {[%emt 0:00:01]} c4 {[%emt 0:00:02]} 33. Ba5 {[%emt 0:00:05]} Rb2+ {[%emt 0:00:02]} 34. Kf3 {[%emt 0:00:02]} d3 {[%emt 0:00:04]} 35. Rd8 {[%emt 0:00:12]} f6 {[%emt 0:00:06]} 36. Bc3 {[%emt 0:00:05]} Rc2 {[%emt 0:00:01]} 37. Bb4 {[%emt 0:00:01]} Kf7 {[%emt 0:00:07]} 38. Rxf8+ {[%emt 0:00:01]} Kg6 {[%emt 0:00:01]} 39. Rd8 {[%emt 0:00:01]} Rb2 {[%emt 0:00:03]} 40. Bc3 {[%emt 0:00:02]} Rc2 {[%emt 0:00:02]} 41. Bb4 {[%emt 0:00:01]} Rb2 {[%emt 0:00:03]} 42. Bc3 {[%emt 0:00:01]} Rb3 {[%emt 0:00:00]} 43. Ba5 {[%emt 0:00:01]} h5 {[%emt 0:00:06]} 44. g3 {[%emt 0:00:02]} Rb2 {[%emt 0:00:02]} 45. h3 {[%emt 0:00:02]} Ra2 {[%emt 0:00:05]} 46. Bb4 {[%emt 0:00:02]} Rb2 {[%emt 0:00:02]} 47. Bc3 {[%emt 0:00:01]} Rb1 {[%emt 0:00:00]} 48. g4 {[%emt 0:00:02]} hxg4+ {[%emt 0:00:02]} 49. hxg4 {[%emt 0:00:01]} Rf1+ {[%emt 0:00:01]} 50. Ke3 {[%emt 0:00:01]} Rc1 {[%emt 0:00:00]} 51. Bd2 {[%emt 0:00:01]} Rg1 {[%emt 0:00:02]} 52. Rd4 {[%emt 0:00:01]} Rg3+ {[%emt 0:00:05]} 53. Kf2 {[%emt 0:00:02]} Rxg4 {[%emt 0:00:01]} 54. Rxc4 {[%emt 0:00:02]} Rh4 {[%emt 0:00:01]} 55. Ke3 {[%emt 0:00:01]} Rh3+ {[%emt 0:00:01]} 56. Ke4 {[%emt 0:00:01]} f5+ {[%emt 0:00:02]} 57. Kd4 {[%emt 0:00:02]} Rf3 {[%emt 0:00:02]} 58. Rc3 {[%emt 0:00:01]} Kh5 {[%emt 0:00:04]} 59. Rxd3 {[%emt 0:00:01]} Rf2 {[%emt 0:00:00]} 60. Ke3 {[%emt 0:00:01]} Rh2 {[%emt 0:00:01]} 61. Rd7 {[%emt 0:00:01]} Rg2 {[%emt 0:00:02]} 62. Be1 {[%emt 0:00:01]} Rg4 {[%emt 0:00:01]} 63. Kf3 {[%emt 0:00:01]} Kg6 {[%emt 0:00:01]} 64. Bg3 {[%emt 0:00:01]} Kh6 {[%emt 0:00:01]} 65. Rd6+ {[%emt 0:00:01]} g6 {[%emt 0:00:01]} 66. Rd8 {[%emt 0:00:01]} Kg7 {[%emt 0:00:00]} 67. Rd7+ {[%emt 0:00:01]} Kh6 {[%emt 0:00:00]} 68. Rc7 {[%emt 0:00:01]} g5 {[%emt 0:00:04]} 69. fxg5+ {[%emt 0:00:01]} Kh5 {[%emt 0:00:00]} 70. Rh7+ {[%emt 0:00:02]} Kg6 {[%emt 0:00:01]} 71. Rh6+ {[%emt 0:00:01]} Kxg5 {[%emt 0:00:00]} 72. Rh8 {[%emt 0:00:01]} Kg6 {[%emt 0:00:01]} 73. Rg8+ {[%emt 0:00:01]} Kf7 {[%emt 0:00:00]} 74. Rxg4 {[%emt 0:00:01]} fxg4+ {[%emt 0:00:00]} 75. Kxg4 {[%emt 0:00:01] (Lag: Av=0.65s, max=1.4s)} 1/2-1/2

[Event "Stay Safe Play From Home 165"]
[Site "T#646231Emanuel Laske"]
[Date "2020.05.21"]
[Round "6"]
[White "Dukic"]
[Black "W Nelles"]
[Result "1-0"]
[WhiteElo "1862"]
[BlackElo "1243"]
[Annotator "NA"]
[PlyCount "67"]
[EventDate "2020.05.21"]
[EventType "swiss (blitz)"]

1. c4 {[%emt 0:00:03]} e5 {[%emt 0:00:03]} 2. Nc3 {[%emt 0:00:00]} Nf6 {[%emt 0:00:01]} 3. Nf3 {[%emt 0:00:01]} Bb4 {[%emt 0:00:03]} 4. Nxe5 {[%emt 0:00:01]} Bxc3 {[%emt 0:00:03]} 5. bxc3 {[%emt 0:00:02]} d6 {[%emt 0:00:02]} 6. Nf3 {[%emt 0:00:02]} Bg4 {[%emt 0:00:02]} 7. Nd4 {[%emt 0:00:02]} O-O {[%emt 0:00:04]} 8. h3 {[%emt 0:00:02]} Be6 {[%emt 0:00:02]} 9. d3 {[%emt 0:00:02]} c5 {[%emt 0:00:02]} 10. Nc2 {[%emt 0:00:06]} Nc6 {[%emt 0:00:03]} 11. Bg5 {[%emt 0:00:02]} h6 {[%emt 0:00:02]} 12. Bh4 {[%emt 0:00:01]} g5 {[%emt 0:00:02]} 13. Bg3 {[%emt 0:00:02]} Ne5 {[%emt 0:00:01]} 14. Ne3 {[%emt 0:00:08]} Nh5 {[%emt 0:00:04]} 15. Bh2 {[%emt 0:00:03]} f5 {[%emt 0:00:04]} 16. Nd5 {[%emt 0:00:38]} Bxd5 {[%emt 0:00:03]} 17. cxd5 {[%emt 0:00:01]} f4 {[%emt 0:00:07]} 18. e3 {[%emt 0:00:03]} Ng7 {[%emt 0:00:04]} 19. d4 {[%emt 0:00:06]} Nd7 {[%emt 0:00:06]} 20. exf4 {[%emt 0:00:05]} Qa5 {[%emt 0:00:09]} 21. Qd2 {[%emt 0:00:02]} c4 {[%emt 0:00:05]} 22. Bxc4 {[%emt 0:00:02]} Nf5 {[%emt 0:00:02]} 23. O-O {[%emt 0:00:02]} Rae8 {[%emt 0:00:04]} 24. fxg5 {[%emt 0:00:02]} Kh7 {[%emt 0:00:10]} 25. Bd3 {[%emt 0:00:03]} Qxd5 {[%emt 0:00:05]} 26. g4 {[%emt 0:00:01]} Qg8 {[%emt 0:00:13]} 27. Rfe1 {[%emt 0:00:03]} Rxe1+ {[%emt 0:00:06]} 28. Rxe1 {[%emt 0:00:03]} hxg5 {[%emt 0:00:08]} 29. Bxd6 {[%emt 0:00:03]} Rf7 {[%emt 0:00:02]} 30. Qc2 {[%emt 0:00:08]} Kh6 {[%emt 0:00:17]} 31. Bxf5 {[%emt 0:00:01]} Rf6 {[%emt 0:00:23]} 32. Be7 {[%emt 0:00:05]} Rc6 {[%emt 0:00:12]} 33. Bxd7 {[%emt 0:00:02]} Rxc3 {[%emt 0:00:02]} 34. Qxc3 {[%emt 0:00:04] Zeit} 1-0

[Event "Stay Safe Play From Home 165"]
[Site "T#646231Emanuel Laske"]
[Date "2020.05.21"]
[Round "6"]
[White "Lucknow"]
[Black "Tunca"]
[Result "0-1"]
[WhiteElo "1733"]
[BlackElo "1610"]
[Annotator "NA"]
[PlyCount "72"]
[EventDate "2020.05.21"]
[EventType "swiss (blitz)"]

1. d4 {[%emt 0:00:02]} d6 {[%emt 0:00:01]} 2. c4 {[%emt 0:00:01]} g6 {[%emt 0:00:02]} 3. Nc3 {[%emt 0:00:01]} Bg7 {[%emt 0:00:01]} 4. e4 {[%emt 0:00:01]} Nf6 {[%emt 0:00:01]} 5. f3 {[%emt 0:00:01]} c5 {[%emt 0:00:06]} 6. Be3 {[%emt 0:00:02]} cxd4 {[%emt 0:00:07]} 7. Bxd4 {[%emt 0:00:02]} Nc6 {[%emt 0:00:00]} 8. Be3 {[%emt 0:00:01]} O-O {[%emt 0:00:04]} 9. Nge2 {[%emt 0:00:01]} Qa5 {[%emt 0:00:09]} 10. Qd2 {[%emt 0:00:06]} Re8 {[%emt 0:00:07]} 11. Nd4 {[%emt 0:00:01]} Be6 {[%emt 0:00:30]} 12. Be2 {[%emt 0:00:06]} Nd7 {[%emt 0:00:04]} 13. Nxe6 {[%emt 0:00:16]} fxe6 {[%emt 0:00:03]} 14. O-O {[%emt 0:00:01]} Nde5 {[%emt 0:00:05]} 15. Rac1 {[%emt 0:00:10]} Rac8 {[%emt 0:00:11]} 16. b3 {[%emt 0:00:03]} Nd7 {[%emt 0:00:06]} 17. Rfd1 {[%emt 0:00:11]} Rf8 {[%emt 0:00:08]} 18. f4 {[%emt 0:00:23]} Nc5 {[%emt 0:00:05]} 19. Bg4 {[%emt 0:00:12]} Kh8 {[%emt 0:00:12]} 20. Bf3 {[%emt 0:00:16]} a6 {[%emt 0:00:12]} 21. Kh1 {[%emt 0:00:02]} b5 {[%emt 0:00:01]} 22. cxb5 {[%emt 0:00:06]} axb5 {[%emt 0:00:00]} 23. e5 {[%emt 0:00:20]} b4 {[%emt 0:00:17]} 24. Ne4 {[%emt 0:00:06]} Nxe4 {[%emt 0:00:01]} 25. Bxe4 {[%emt 0:00:01]} d5 {[%emt 0:00:03]} 26. Bb1 {[%emt 0:00:02]} Na7 {[%emt 0:00:04]} 27. Rxc8 {[%emt 0:00:03]} Rxc8 {[%emt 0:00:00]} 28. Qf2 {[%emt 0:00:01]} Nb5 {[%emt 0:00:02]} 29. Rf1 {[%emt 0:00:04]} Nc3 {[%emt 0:00:01]} 30. h4 {[%emt 0:00:06]} Qa6 {[%emt 0:00:02]} 31. h5 {[%emt 0:00:02]} Kg8 {[%emt 0:00:02]} 32. hxg6 {[%emt 0:00:01]} hxg6 {[%emt 0:00:00]} 33. Bxg6 {[%emt 0:00:01]} Qxa2 {[%emt 0:00:02]} 34. Qh4 {[%emt 0:00:01]} Qe2 {[%emt 0:00:03]} 35. Rf3 {[%emt 0:00:04]} Qd1+ {[%emt 0:00:03]} 36. Kh2 {[%emt 0:00:02]} Ne2 {[%emt 0:00:01] Zeit (Lag: Av=0.42s, max=1.1s)} 0-1